Diopside rocks - Raw materials for many purposes; Glass and Ceramics; Vol. 46, N 1

書誌詳細
Parent link:Glass and Ceramics.— , 1989
Vol. 46, N 1.— 1989.— P. 32-33
その他の著者: Vereshchagin (Vereschagin, Vereshagin) V. I. Vladimir Ivanovich, Reznitskii L. Z., Vasil'ev E. P., Alekseev Yu. I.
要約:В фонде НТБ ТПУ отсутствует
言語:英語
出版事項: 1989
主題:
フォーマット: MixedMaterials 図書の章
KOHA link:https://koha.lib.tpu.ru/cgi-bin/koha/opac-detail.pl?biblionumber=596081

MARC

LEADER 00000naa0a2200000 4500
001 596081
005 20250327093947.0
035 |a (RuTPU)RU\TPU\tpu\18120 
035 |a RU\TPU\tpu\18119 
090 |a 596081 
100 |a 20100919d1989 k||y0rusy50 ba 
101 0 |a eng 
102 |a US 
200 1 |a Diopside rocks - Raw materials for many purposes  |f V. I. Vereshchagin [et al.] 
320 |a References: p. 33 
333 |a В фонде НТБ ТПУ отсутствует 
461 |t Glass and Ceramics  |d 1989 
463 |t Vol. 46, N 1  |v P. 32-33  |d 1989 
610 1 |a труды учёных ТПУ 
701 1 |a Vereshchagin (Vereschagin, Vereshagin)  |b V. I.  |c Chemical Engineer  |c Professor of Tomsk Polytechnic University, Doctor of technical sciences  |f 1942-  |g Vladimir Ivanovich  |3 (RuTPU)RU\TPU\pers\26325  |9 12080 
701 1 |a Reznitskii  |b L. Z. 
701 1 |a Vasil'ev  |b E. P. 
701 1 |a Alekseev  |b Yu. I. 
801 1 |a RU  |b 63413507  |c 20100831 
801 2 |a RU  |b 63413507  |c 20120523  |g RCR 
942 |c CR